000 00322nam a22001457a 4500
008 230322b ||||| |||| 00| 0 eng d
020 _a9781585100095
041 _aeng
080 _a159.9
082 _a159.9MAH
100 _a25
101 _aPSI
245 _aROMAN SPORTSAND SPECTACLES
_cMAHONEY A
942 _2udc
_cBK
999 _c59426
_d59426